000 00423nam a2200145 a 4500
001 000016911
005 20200929165001.0
008 100312s1987 dr ac 000 0 spa d
040 _aDO-SdBNP
_bspa
_cBNPHU
082 _axxx
_bG887m
100 1 _aGrullón, Ana Silvia
_99405
245 1 0 _aMi propio tú /
_cAna Silvia Grullón.
260 _a[ Santo Domingo] :
_bCarrasquero,
_c1987.
300 _a128 p. :
_bil., retr. ;
_c28 cm.
999 _c16443
_d16443